Statistics for Famous People Named Anderson

Click here to take the quiz!

General Stats

  • This quiz has been taken 174 times
  • The average score is 5 of 11

Answer Stats

HintPerson% Correct
Acted in BaywatchPamela Anderson
77%
Wrote The Little MermaidHans Christian Andersen
75%
Acted in The X-FilesGillian Anderson
64%
Quirky Rushmore directorWes Anderson
63%
CNN anchorAnderson Cooper
55%
Acted in MacGuyverRichard Dean Anderson
44%
There Will Be Blood directorPaul Thomas Anderson
41%
1 of the 4 members of ABBABenny Andersson
35%
Everyone's #1 Myspace friendTom Anderson
28%
Comedian, Family Feud hostLouie Anderson
21%
Jethro Tull singer, flautistIan Anderson
18%

Score Distribution

Percentile by Number Answered

Percent of People with Each Score

Your Score History

You have not taken this quiz